Welcome to CU Library Online Public Access Catalogue (OPAC)

THE CARTER ECONOMY (Record no. 5939)

MARC details
000 -LEADER
fixed length control field 00425nam a22001577a 4500
005 - DATE AND TIME OF LATEST TRANSACTION
control field 20250523162429.0
008 - FIXED-LENGTH DATA ELEMENTS--GENERAL INFORMATION
fixed length control field 250523b |||||||| |||| 00| 0 eng d
020 ## - INTERNATIONAL STANDARD BOOK NUMBER
International Standard Book Number 047103374
050 ## - LIBRARY OF CONGRESS CALL NUMBER
Classification number HC 106
Item number .7.M45
100 ## - MAIN ENTRY--PERSONAL NAME
Personal name MELLOAN, GEORGE
245 ## - TITLE STATEMENT
Title THE CARTER ECONOMY
Statement of responsibility, etc. GEORGE MELLOAN AND JOAN MELLOAN
260 ## - PUBLICATION, DISTRIBUTION, ETC.
Place of publication, distribution, etc. CANADA
Name of publisher, distributor, etc. JOHN WILEY & SONS
Date of publication, distribution, etc. c1978
300 ## - PHYSICAL DESCRIPTION
Extent xi;, 312p;.
700 ## - ADDED ENTRY--PERSONAL NAME
Personal name JOAN MELLOAN
942 ## - ADDED ENTRY ELEMENTS (KOHA)
Source of classification or shelving scheme Library of Congress Classification
Koha item type Books
Suppress in OPAC No
999 ## -
-- 5939
-- 5939
Holdings
Withdrawn status Lost status Source of classification or shelving scheme Damaged status Not for loan Collection Home library Current library Shelving location Date acquired Total checkouts Full call number Barcode Date last seen Copy number Price effective from Koha item type
    Library of Congress Classification     Non-fiction Undergraduate Library (Christ Temple) Undergraduate Library (Christ Temple) General stacks 05/23/2025   HC 106.7.M45 MEL ulct00002640 05/23/2025 1 05/23/2025 Books
© 2023-2024 Copyright: Central University Libraries. All Rights Reserved | Created by: Mahone Tech Office